Countries furthest from Algeria - Statistics

General Stats
  • This quiz has been taken 21 times
  • The average score is 12 of 20
Answer Stats
km mi Country % Correct
16588 10307 Tuvalu
100%
14945 9286 Kiribati
95%
15398 9568 Nauru
95%
17398 10810 Samoa
95%
16245 10094 Vanuatu
95%
15470 9612 New Zealand
89%
17513 10882 Fiji
84%
17656 10971 Tonga
84%
12542 7793 Palau
79%
15066 9362 Solomon Islands
74%
12747 7920 East Timor
58%
13845 8603 Papua New-Guinea
58%
16723 10391 Cook Islands
37%
16911 10508 New Caledonia
37%
17825 11076 Niue
37%
12752 7924 Guam
26%
14424 8963 French-Polynesia
21%
14027 8716 Pitcairn Islands
11%
16839 10463 Tokelau
5%
17328 10767 Wallis and Futuna
5%
No matching quizzes found
Score Distribution
Percent of People with Each Score
Percentile by Number Answered
Your Score History
You have not taken this quiz